| 000 | 00388cam a2200133u 4500 | ||
|---|---|---|---|
| 082 |
_a941 _bTRE |
||
| 100 | 1 |
_aTrevelyan, George Macaulay, _946482 |
|
| 245 | 1 | 4 | _abritish history in the 19th century (1782-1901) |
| 260 |
_aNew york _bLongmans Green ltd _c1927 |
||
| 300 |
_axvi, 445, P _c23 cm. _bill, |
||
| 526 |
_a0 _b0 _c0 _d941_000000000000000_TRE |
||
| 650 |
_aMCE _9379 |
||
| 942 |
_2ddc _cBK |
||
| 999 |
_c552785 _d552785 |
||